| 000 | 00424nam a22001697a 4500 | ||
|---|---|---|---|
| 005 | 20160521111539.0 | ||
| 008 | 160521b xxu||||| |||| 00| 0 eng d | ||
| 020 | _a0-07-463493-3 | ||
| 041 | _aeng | ||
| 082 | _b3719 | ||
| 100 |
_aS.P. Gupta, G.S. Pandit R. Gupta _9936 |
||
| 245 | _aTheory of Structures (Vol-1) | ||
| 260 |
_aNew Delhi _bTMH, _c2003 |
||
| 300 | _a675 | ||
| 650 |
_aDIPLOMA ENGINEERING _9817 |
||
| 942 | _cBK | ||
| 999 |
_c1278 _d1278 |
||